Catalogo de livros antigos e modernos (Record no. 171592)

MARC details
000 -LEADER
campo de control de longitud fija 00608nam a22001455i 4500
001 - NÚMERO DE CONTROL
campo de control 171592
003 - IDENTIFICADOR DE NÚMERO DE CONTROL
campo de control ES-MaACL
005 - FECHA Y HORA DE LA ÚLTIMA TRANSACCIÓN
campo de control 20230906214654.0
008 - DATOS DE LONGITUD FIJA--INFORMACIÓN GENERAL
campo de control de longitud fija 090521s1880 po |||| | por d
245 00 - MENCIÓN DEL TÍTULO
Título Catalogo de livros antigos e modernos
Resto del título : alguns raros e preciosos que hao de ser vendidos em Leilao nos dias 14 de novembre e seguintes na rua do Alecrim, 53 /
Mención de responsabilidad, etc. por intervençao do agente Casimiro Candido da Cunha.
260 ## - PUBLICACIÓN, DISTRIBUCIÓN, ETC.
Lugar de publicación, distribución, etc. Lisboa :
Nombre del editor, distribuidor, etc. [s.n.],
Fecha de publicación, distribución, etc. 1880 (
Fabricante Typ. de J. G. de Sousa Neves)
300 ## - DESCRIPCIÓN FÍSICA
Extensión 71 p. ;
Dimensiones 19 cm.
700 1# - ENTRADA AGREGADA--NOMBRE PERSONAL
Nombre de persona Cunha, Casimiro Candido da.
9 (RLIN) 42170
852 ## - LOCALIZACIÓN
Ubicación ES-MaACL
Número de control de estantería T-368-F-10
Holdings
Estatus retirado Estado de pérdida Estado de daño No para préstamo Colección Biblioteca de origen Biblioteca actual Ubicación en estantería Fecha de adquisición Fuente de adquisición Total de préstamos Signatura topográfica completa Código de barras Visto por última vez Precio de reemplazo Tipo de ítem Koha
        Colección de folletos Biblioteca del Ateneo de Madrid Biblioteca del Ateneo de Madrid Depósito folletos 21/05/2009     T-368-F-10 1180074 23/02/2023 23/02/2023 Folleto